Influence of the domestic fly on weight gains of piglets

Bibliographic Details
Main Authors: Romaniuk, K. (Author), Gaca, K. (Author), Michalski, M. (Author)
Format: Article
Language:English

MARC

LEADER 00000naa a2200000uu 4500
001 vtls011084759
003 SK-MaSNL
005 20260302105033.0
008 210905|1996 xo |||||||||||||||||eng|
015 |a SNBRA 
035 |a (urnnbn)urn:nbn:sk:snk:ar-a0clh9 
035 |a (uuid)7c33fb47-e9dd-4c2e-8b67-c2a1e231a6f1 
035 |a urn:nbn:sk:snk-aavrdg 
040 |a SNKBUCL  |b slo  |c SNKBUCL  |e AACR2 
041 0 |a eng 
044 |a xo  |c SK 
100 1 |a Romaniuk, K.  |4 aut  |9 783053 
245 1 0 |a Influence of the domestic fly on weight gains of piglets  |c K. Romaniuk, K. Gaca, M. Michalski 
700 1 |a Gaca, K.  |4 aut  |9 783052 
700 1 |a Michalski, M.  |4 aut  |9 783051 
773 0 |t Zdravie a chorobnosť mláďat hospodárskych zvierat  |d Košice : [Ústav experimentálnej veterinárnej medicíny], 1996  |g S. 137-138 
958 |a OND 
958 |a article12 
958 |a chapter 
999 |c 1237191  |d 1239121